<?xml version="1.0" encoding="UTF-8"?>
<record
    xmlns:xsi="http://www.w3.org/2001/XMLSchema-instance"
    xsi:schemaLocation="http://www.loc.gov/MARC21/slim http://www.loc.gov/standards/marcxml/schema/MARC21slim.xsd"
    xmlns="http://www.loc.gov/MARC21/slim">

  <leader>01084nam a2200277 i 4500</leader>
  <controlfield tag="001">183348</controlfield>
  <controlfield tag="003">ES-MaACL</controlfield>
  <controlfield tag="005">20250809042457.0</controlfield>
  <controlfield tag="008">140327s2012    sp           |||| | spa d</controlfield>
  <datafield tag="020" ind1=" " ind2=" ">
    <subfield code="a">978-84-940357-1-5</subfield>
  </datafield>
  <datafield tag="080" ind1=" " ind2=" ">
    <subfield code="a">342.7</subfield>
  </datafield>
  <datafield tag="245" ind1="0" ind2="0">
    <subfield code="a">Derechos humanos </subfield>
    <subfield code="b">: nuevos espacios de representaci&#xF3;n / </subfield>
    <subfield code="c">Graciano Gonz&#xE1;lez R. Arnaiz (ed.).</subfield>
  </datafield>
  <datafield tag="250" ind1=" " ind2=" ">
    <subfield code="a">1&#xAA; ed.</subfield>
  </datafield>
  <datafield tag="260" ind1=" " ind2=" ">
    <subfield code="a">Madrid : </subfield>
    <subfield code="b">Escolar y Mayo, </subfield>
    <subfield code="c">2012.</subfield>
  </datafield>
  <datafield tag="300" ind1=" " ind2=" ">
    <subfield code="a">198 p. ; </subfield>
    <subfield code="c">23 cm.</subfield>
  </datafield>
  <datafield tag="490" ind1="1" ind2=" ">
    <subfield code="a">Colecci&#xF3;n de an&#xE1;lisis y cr&#xED;tica</subfield>
  </datafield>
  <datafield tag="500" ind1=" " ind2=" ">
    <subfield code="a">Libro homenaje a Juan Miguel Palacios Garc&#xED;a y a Manuel S&#xE1;nchez Cuesta.</subfield>
  </datafield>
  <datafield tag="504" ind1=" " ind2=" ">
    <subfield code="a">Referencias bibliogr&#xE1;ficas.</subfield>
  </datafield>
  <datafield tag="650" ind1="0" ind2="7">
    <subfield code="a">Derechos humanos</subfield>
    <subfield code="2">embne</subfield>
    <subfield code="9">11770</subfield>
  </datafield>
  <datafield tag="700" ind1="1" ind2=" ">
    <subfield code="a">Gonz&#xE1;lez R. Arn&#xE1;iz, Graciano</subfield>
    <subfield code="9">58895</subfield>
  </datafield>
  <datafield tag="830" ind1="0" ind2=" ">
    <subfield code="a">Colecci&#xF3;n de an&#xE1;lisis y cr&#xED;tica</subfield>
    <subfield code="9">224974</subfield>
  </datafield>
  <datafield tag="852" ind1=" " ind2=" ">
    <subfield code="a">ES-MaACL</subfield>
    <subfield code="j">A-13088</subfield>
    <subfield code="9">190287</subfield>
    <subfield code="b">R.149936</subfield>
    <subfield code="c">DEPO1</subfield>
    <subfield code="d">Olim: N-6088</subfield>
    <subfield code="h">Donaci&#xF3;n: Graciano Gonz&#xE1;lez R. Arnaiz</subfield>
    <subfield code="g">Dedicatoria aut&#xF3;grafa del editor </subfield>
  </datafield>
  <datafield tag="903" ind1=" " ind2=" ">
    <subfield code="a">Gonz&#xE1;lez R. Arn&#xE1;iz, Graciano</subfield>
    <subfield code="e">dnr</subfield>
    <subfield code="9">58895</subfield>
  </datafield>
  <datafield tag="942" ind1=" " ind2=" ">
    <subfield code="2">udc</subfield>
    <subfield code="c">MONOGRAFIA</subfield>
  </datafield>
  <datafield tag="999" ind1=" " ind2=" ">
    <subfield code="c">183348</subfield>
    <subfield code="d">183348</subfield>
  </datafield>
  <datafield tag="952" ind1=" " ind2=" ">
    <subfield code="0">0</subfield>
    <subfield code="1">0</subfield>
    <subfield code="2">udc</subfield>
    <subfield code="4">0</subfield>
    <subfield code="7">0</subfield>
    <subfield code="8">Librosdedicados</subfield>
    <subfield code="a">ATENEOM</subfield>
    <subfield code="b">ATENEOM</subfield>
    <subfield code="c">DEPO1</subfield>
    <subfield code="d">2014-03-27</subfield>
    <subfield code="l">0</subfield>
    <subfield code="o">A-13088</subfield>
    <subfield code="p">1192714</subfield>
    <subfield code="r">2023-02-23 00:00:00</subfield>
    <subfield code="w">2023-02-23</subfield>
    <subfield code="y">MONOGRAFIA</subfield>
    <subfield code="z">Dedicatoria aut&#xF3;grafa del editor</subfield>
  </datafield>
</record>
